zpět

Detail výsledku týmu

R.A.M., Jablonec nad Nisou

Datum a čas kvízu

27.5 Celkem bodů Celkový počet nahraných bodů na tomto kvízu bez doplňovacích otázek.
16. Pořadí na kvízu Konečné umístění týmu na tomto kvízu.

Zaznamenané odpovědi

# Otázka Odpověď Body Výsledky
1. V minulých dnech bylo v médiíc... Pavel Tuleja 0
2. Ke dvěma a půl letům vězení by... D 1
3. Jedno z nejnovějších děl umělc... C) ve Veselí nad Moravou 1
4. Objem daňových nedoplatků za l... Česká správa sociálního zabezpečení 0
5. Po dvanáctidenní plavbě dovezl... Marseille 0
6. Podíváme se do zemí či krajů,... Muž z Acapulca 1
7. Jak se nazývá chudé království... A) Monte Albo 0
8. Nyní se podíváme do malé vesni... Kyselá prdel (Bad Ass) 1
9. Přiřaďte tyto postavy z knižní... 1A 2B 3D 4C 0
10. Děj které humoristické novely... Rozmarné léto 0